Nghiên cứu các nhân tố ảnh hưởng đến việc vận dụng kế toán quản trị vào các doanh nghiệp tại tỉnh Trà Vinh Luận văn thạc sĩ. Chuyên ngành: Kế toán. Mã ngành: 8340301
Guardado en:
| Autor principal: | |
|---|---|
| Autores Corporativos: | , |
| Otros Autores: | |
| Lenguaje: | Undetermined Vietnamese |
| Publicado: |
Trà Vinh
Trường Đại học Trà Vinh
2019
|
| Materias: | |
| Etiquetas: |
Agregar Etiqueta
Sin Etiquetas, Sea el primero en etiquetar este registro!
|
| Thư viện lưu trữ: | Trung tâm Học liệu Trường Đại học Trà Vinh |
|---|
| LEADER | 01039nam a2200277Ia 4500 | ||
|---|---|---|---|
| 001 | TVU_32086 | ||
| 008 | 210423s9999 xx 000 0 und d | ||
| 041 | |a vie | ||
| 082 | |a 658.1511 | ||
| 082 | |b Qu603 | ||
| 100 | |a Trương, Tú Quyên | ||
| 245 | 0 | |a Nghiên cứu các nhân tố ảnh hưởng đến việc vận dụng kế toán quản trị vào các doanh nghiệp tại tỉnh Trà Vinh | |
| 245 | 0 | |b Luận văn thạc sĩ. Chuyên ngành: Kế toán. Mã ngành: 8340301 | |
| 245 | 0 | |c Trương Tú Quyên ; Huỳnh Tấn Dũng (hướng dẫn khoa học) | |
| 260 | |a Trà Vinh | ||
| 260 | |b Trường Đại học Trà Vinh | ||
| 260 | |c 2019 | ||
| 300 | |a x, 72, 27 tr. | ||
| 300 | |c 30 cm | ||
| 504 | |a Thư mục: tr.70-72 | ||
| 650 | |a Kế toán quản trị | ||
| 700 | |a Trương Tú Quyên; Huỳnh Tấn Dũng | ||
| 700 | |e hướng dẫn khoa học | ||
| 710 | |a Ủy ban Nhân dân tỉnh Trà Vinh | ||
| 710 | |b Trường Đại học Trà Vinh | ||
| 980 | |a Trung tâm Học liệu Trường Đại học Trà Vinh | ||